[Event "RUS-chT 14th"]
[Site "Sochi"]
[Date "2007.05.04"]
[Round "3"]
[White "Shirov, Alexei"]
[Black "Asrian, Karen"]
[Result "1-0"]
[WhiteElo "2699"]
[BlackElo "2635"]
[PlyCount "127"]
[EventDate "2007.05.02"]
[EventType "team-tourn"]
[EventRounds "9"]
[EventCountry "RUS"]
[SourceTitle "EXT 2020"]
[Source "ChessBase"]
[SourceDate "2019.10.17"]
[SourceVersion "1"]
[SourceVersionDate "2019.10.17"]
[SourceQuality "1"]
[WhiteTeam "Sverdlovsk Ural region"]
[BlackTeam "Cheliabinsk Yuzhnyy Ural"]
[WhiteTeamCountry "RUS"]
[BlackTeamCountry "RUS"]

1. d4 d5 2. c4 e6 3. Nf3 Nf6 4. g3 Bb4+ 5. Bd2 Be7 6. Bg2 0-0 7. Qb3 c6 8. 0-0 Nbd7 9. Rc1 Ne4 10. Bf4 f5 11. Ne5 Nxe5 12. Bxe5 Bf6 13. Bxf6 Qxf6 14. Qe3 f4 15. gxf4 Nd6 16. Nd2 Nf5 17. Qe5 Nxd4 18. Qxf6 gxf6 19. Kf1 Nf5 20. e4 dxe4 21. Nxe4 e5 22. fxe5 fxe5 23. Rc3 Be6 24. Re1 Rae8 25. Nd2 Bf7 26. Be4 Nd6 27. Bd3 Bg6 28. Bxg6 hxg6 29. Rce3 Rf4 30. b3 Nf7 31. Ne4 Rd8 32. Nc5 Rd2 33. R3e2 Rxe2 34. Rxe2 b6 35. Nd7 Rf5 36. Nb8 Rf6 37. Rd2 Ng5 38. Ke2 Ne4 39. Rd8+ Kg7 40. Rd7+ Kh6 41. Rxa7 b5 42. Re7 bxc4 43. bxc4 Nc3+ 44. Ke3 e4 45. Nd7 Rf3+ 46. Kd4 Rd3+ 47. Kc5 Kg5 48. Kxc6 Rf3 49. Nc5 Rxf2 50. Nxe4+ Nxe4 51. Rxe4 Rxh2 52. a4 Kf5 53. Re8 Ra2 54. Ra8 g5 55. a5 Kg6 56. a6 Kg7 57. Kb7 Rb2+ 58. Ka7 g4 59. Rd8 g3 60. c5 g2 61. Rd1 Kf6 62. c6 Rf2 63. Rg1 Ke6 64. Kb7 1-0

[Event "RUS-chT 14th"]
[Site "Sochi"]
[Date "2007.05.03"]
[Round "2"]
[White "Ivanchuk, Vassily"]
[Black "Asrian, Karen"]
[Result "1/2-1/2"]
[WhiteElo "2729"]
[BlackElo "2635"]
[PlyCount "125"]
[EventDate "2007.05.02"]
[EventType "team-tourn"]
[EventRounds "9"]
[EventCountry "RUS"]
[SourceTitle "EXT 2020"]
[Source "ChessBase"]
[SourceDate "2019.10.17"]
[SourceVersion "1"]
[SourceVersionDate "2019.10.17"]
[SourceQuality "1"]
[WhiteTeam "Saransk TPS"]
[BlackTeam "Cheliabinsk Yuzhnyy Ural"]
[WhiteTeamCountry "RUS"]
[BlackTeamCountry "RUS"]

1. d4 Nf6 2. c4 e6 3. Nc3 Bb4 4. Nf3 c5 5. g3 cxd4 6. Nxd4 Ne4 7. Qd3 Bxc3+ 8. bxc3 Nc5 9. Qf3 d6 10. Bg2 e5 11. Nf5 Qf6 12. Ne3 Qxf3 13. exf3 Nba6 14. Ba3 Be6 15. 0-0-0 0-0-0 16. f4 exf4 17. gxf4 f5 18. h4 Rhe8 19. h5 Kc7 20. Rhg1 Bf7 21. Nxf5 Bxc4 22. Bf3 Rd7 23. Nxg7 Rf8 24. f5 Bxa2 25. h6 Re7 26. Kd2 Ne4+ 27. Kc2 Nac5 28. Rde1 Kd7 29. Re3 Bb3+ 30. Kb2 Nd2 31. Bxc5 Rxe3 32. Bxe3 Nxf3 33. Rg3 Bd5 34. c4 Bc6 35. Bxa7 Ne5 36. Kb3 b5 37. cxb5 Bxb5 38. Bd4 Nc6 39. Be3 Ne7 40. Ne6 Rxf5 41. Nd4 Rd5 42. Kc3 Rc5+ 43. Kd2 Ng6 44. f4 Ke8 45. f5 Ne7 46. f6 Nd5 47. Bg5 Bd7 48. Bh4 Rc4 49. Rg8+ Kf7 50. Rg7+ Ke8 51. Kd3 Rc1 52. Ke4 Nc3+ 53. Kf3 Rf1+ 54. Kg2 Rf4 55. Re7+ Kf8 56. Bf2 Ne4 57. Bg3 Nxf6 58. Rxd7 Rxd4 59. Rxd6 Rxd6 60. Bxd6+ Kf7 61. Bf4 Kg6 62. Kf3 Ng8 63. Kg4 1/2-1/2

[Event "FRA-chT Top 16 GpA"]
[Site "France"]
[Date "2007.05.01"]
[Round "7"]
[White "Asrian, Karen"]
[Black "Genov, Petar"]
[Result "1/2-1/2"]
[WhiteElo "2634"]
[BlackElo "2489"]
[PlyCount "61"]
[EventDate "2007.02.09"]
[EventType "team-tourn"]
[EventRounds "11"]
[EventCountry "FRA"]
[SourceTitle "CBM 118 Extra"]
[Source "ChessBase"]
[SourceDate "2007.07.04"]
[SourceVersion "1"]
[SourceVersionDate "2007.07.04"]
[SourceQuality "1"]
[WhiteTeam "Bischwiller"]
[BlackTeam "Marseille"]
[WhiteTeamCountry "FRA"]
[BlackTeamCountry "FRA"]

1. e4 c5 2. Nf3 d6 3. d4 cxd4 4. Nxd4 Nf6 5. Nc3 e6 6. Be2 Be7 7. 0-0 0-0 8. f4 Nc6 9. Be3 Nxd4 10. Qxd4 b6 11. Rad1 Bb7 12. Bf3 Qc7 13. Nb5 Qc8 14. c4 Rd8 15. Nc3 Nd7 16. Qd3 a6 17. Rc1 Qc7 18. Ne2 Rac8 19. Ng3 Bc6 20. b4 Qb8 21. Ne2 Qa8 22. Nd4 Bb7 23. Nb3 Bc6 24. Nd4 Bb7 25. Nb3 Bc6 26. Qb1 Rb8 27. Nd4 Bb7 28. Nb3 Bc6 29. Nd4 Bb7 30. Bf2 Rbc8 31. Rfe1 1/2-1/2

[Event "FRA-chT Top 16 GpA"]
[Site "France"]
[Date "2007.04.29"]
[Round "5"]
[White "Asrian, Karen"]
[Black "Kazhgaleyev, Murtas"]
[Result "1/2-1/2"]
[WhiteElo "2634"]
[BlackElo "2579"]
[PlyCount "41"]
[EventDate "2007.02.09"]
[EventType "team-tourn"]
[EventRounds "11"]
[EventCountry "FRA"]
[SourceTitle "CBM 118 Extra"]
[Source "ChessBase"]
[SourceDate "2007.07.04"]
[SourceVersion "1"]
[SourceVersionDate "2007.07.04"]
[SourceQuality "1"]
[WhiteTeam "Bischwiller"]
[BlackTeam "Cannes"]
[WhiteTeamCountry "FRA"]
[BlackTeamCountry "FRA"]

1. e4 e5 2. Nf3 Nc6 3. Bc4 Bc5 4. c3 Nf6 5. d3 d6 6. 0-0 a6 7. Bb3 Ba7 8. Nbd2 0-0 9. h3 Ne7 10. Re1 Ng6 11. Nf1 h6 12. Ng3 b5 13. d4 Bb7 14. Bc2 Re8 15. Be3 exd4 16. Nxd4 d5 17. Nb3 Bxe3 18. Rxe3 dxe4 19. Qxd8 Raxd8 20. Nc5 Bc6 21. Nxa6 1/2-1/2